000 00726nam a22001937a 4500
005 20100813115918.0
010 _aENG-100302
020 _a9788172085100
_c73.00
035 _aEN-83834
037 _bDBAD/PUB
082 _a230.35
100 _aMurthy, Narasimha B.N.
_912418
245 _aSri Sathy Sai Divya Kripasraya /
_cby B.N. Narasimha Murthy
260 _aPrasanthi Nilayam
_bSri Sathya Sai Books & Publications Trust
_c2007
270 _aPrasanthi Nilayam
_bPrasanthi Nilayam
_e515134
300 _a350p.
_bill
_c22cm (pbk)
942 _2ddc
_cEN
_h230.35
_mNUR
999 _c41549
_d41549